[Event "DEM U10w 2024"]
[Site "Willingen GER"]
[Date "2024.05.22"]
[Round "6"]
[White "Mandziuk, Varvara"]
[Black "Bashirova, Sona"]
[Result "1-0"]
[Termination "normal"]
[Board "5"]
[WhiteElo "1146"]
[BlackElo "1608"]
[WhiteClock "00:19:33"]
[BlackClock "00:28:48"]
[PlyCount "41"]
[WhiteFideId "34638016"]
[BlackFideId "34664033"]
[EventCountry "GER"]
[EventRounds "11"]
[EventType "swiss"]
[EventDate "2024.05.18"]

1. e4 {[%clk 01:15:59]} {[%emt 00:00:01]} c5 {[%clk 01:15:55]} {[%emt
00:00:05]} 2. Nf3 {[%clk 01:16:22]} {[%emt 00:00:07]} Nc6 {[%clk 01:16:20]}
{[%emt 00:00:06]} 3. d4 {[%clk 01:16:44]} {[%emt 00:00:08]} cxd4 {[%clk
01:16:44]} {[%emt 00:00:06]} 4. Nxd4 {[%clk 01:17:03]} {[%emt 00:00:11]} Nf6
{[%clk 01:17:07]} {[%emt 00:00:08]} 5. Nc3 {[%clk 01:17:19]} {[%emt 00:00:13]}
e5 {[%clk 01:17:28]} {[%emt 00:00:09]} 6. Nb3 {[%clk 01:15:53]} {[%emt
00:01:56]} Bb4 {[%clk 01:17:51]} {[%emt 00:00:07]} 7. Bd3 {[%clk 01:14:35]}
{[%emt 00:01:48]} O-O {[%clk 01:17:09]} {[%emt 00:01:11]} 8. Bd2 {[%clk
01:14:12]} {[%emt 00:00:53]} d6 {[%clk 01:14:47]} {[%emt 00:02:52]} 9. h3
{[%clk 01:14:23]} {[%emt 00:00:19]} Bxc3 {[%clk 01:00:16]} {[%emt 00:15:02]}
10. Bxc3 {[%clk 01:12:23]} {[%emt 00:02:31]} d5 {[%clk 01:00:35]} {[%emt
00:00:10]} 11. exd5 {[%clk 00:59:16]} {[%emt 00:13:36]} Nxd5 {[%clk 01:00:53]}
{[%emt 00:00:13]} 12. Bd2 {[%clk 00:53:27]} {[%emt 00:06:19]} Kh8 {[%clk
00:59:11]} {[%emt 00:02:11]} 13. Qh5 {[%clk 00:44:42]} {[%emt 00:08:52]} e4
{[%clk 00:48:45]} {[%emt 00:12:07]} 14. Be2 {[%clk 00:35:43]} {[%emt 00:09:28]}
f5 {[%clk 00:45:39]} {[%emt 00:03:37]} 15. g4 {[%clk 00:31:03]} {[%emt
00:05:10]} f4 {[%clk 00:44:59]} {[%emt 00:01:09]} 16. Bc4 {[%clk 00:24:00]}
{[%emt 00:07:33]} Nb6 {[%clk 00:43:59]} {[%emt 00:01:30]} 17. Bf7 {[%clk
00:23:27]} {[%emt 00:01:04]} e3 {[%clk 00:42:05]} {[%emt 00:02:24]} 18. Bc3
{[%clk 00:21:43]} {[%emt 00:02:15]} exf2+ {[%clk 00:41:07]} {[%emt 00:01:27]}
19. Kxf2 {[%clk 00:21:39]} {[%emt 00:00:34]} Qe7 {[%clk 00:34:33]} {[%emt
00:06:59]} 20. Rae1 {[%clk 00:20:26]} {[%emt 00:01:39]} Qd8 {[%clk 00:28:48]}
{[%emt 00:06:20]} 21. g5 {[%clk 00:19:33]} {[%emt 00:01:26]} 1-0

[Event "DEM U10w 2024"]
[Site "Willingen GER"]
[Date "2024.05.22"]
[Round "6"]
[White "Rabus, Luise"]
[Black "Tiuca, Emma"]
[Result "0-1"]
[Termination "normal"]
[Board "6"]
[WhiteElo "1090"]
[BlackElo "1516"]
[WhiteClock "00:10:04"]
[BlackClock "00:52:43"]
[PlyCount "86"]
[WhiteFideId "34636900"]
[BlackFideId "4007549"]
[EventCountry "GER"]
[EventRounds "11"]
[EventType "swiss"]
[EventDate "2024.05.18"]

1. e4 {[%clk 01:15:57]} {[%emt 00:00:02]} e6 {[%clk 01:15:48]} {[%emt
00:00:12]} 2. d4 {[%clk 01:16:22]} {[%emt 00:00:05]} d5 {[%clk 01:16:06]}
{[%emt 00:00:12]} 3. e5 {[%clk 01:16:46]} {[%emt 00:00:06]} c5 {[%clk
01:16:27]} {[%emt 00:00:08]} 4. c3 {[%clk 01:17:08]} {[%emt 00:00:09]} Nc6
{[%clk 01:16:49]} {[%emt 00:00:08]} 5. Nf3 {[%clk 01:17:32]} {[%emt 00:00:06]}
Qb6 {[%clk 01:17:06]} {[%emt 00:00:14]} 6. Bd3 {[%clk 01:17:51]} {[%emt
00:00:11]} Nh6 {[%clk 01:16:31]} {[%emt 00:01:04]} 7. Bxh6 {[%clk 01:16:53]}
{[%emt 00:01:28]} Qxb2 {[%clk 01:16:41]} {[%emt 00:00:19]} 8. Nbd2 {[%clk
01:16:42]} {[%emt 00:00:41]} gxh6 {[%clk 01:16:49]} {[%emt 00:00:23]} 9. Qc1
{[%clk 01:00:50]} {[%emt 00:16:23]} Qb6 {[%clk 01:15:18]} {[%emt 00:01:59]} 10.
Rb1 {[%clk 01:00:14]} {[%emt 00:01:09]} Qc7 {[%clk 01:12:59]} {[%emt 00:02:48]}
11. Nb3 {[%clk 00:58:48]} {[%emt 00:01:57]} c4 {[%clk 01:13:07]} {[%emt
00:00:21]} 12. Bxc4 {[%clk 00:57:47]} {[%emt 00:01:31]} dxc4 {[%clk 01:13:27]}
{[%emt 00:00:11]} 13. Nbd2 {[%clk 00:58:07]} {[%emt 00:00:10]} Na5 {[%clk
01:12:09]} {[%emt 00:01:35]} 14. Qc2 {[%clk 00:51:25]} {[%emt 00:07:25]} Qc6
{[%clk 01:10:17]} {[%emt 00:02:18]} 15. Ne4 {[%clk 00:47:11]} {[%emt 00:04:48]}
Be7 {[%clk 01:09:47]} {[%emt 00:00:57]} 16. Qe2 {[%clk 00:43:58]} {[%emt
00:03:45]} b6 {[%clk 01:09:23]} {[%emt 00:00:52]} 17. Nfd2 {[%clk 00:43:30]}
{[%emt 00:01:00]} Bb7 {[%clk 01:07:19]} {[%emt 00:02:31]} 18. Qf3 {[%clk
00:40:33]} {[%emt 00:03:30]} Rf8 {[%clk 01:05:50]} {[%emt 00:01:58]} 19. Qh5
{[%clk 00:26:40]} {[%emt 00:14:25]} O-O-O {[%clk 01:03:12]} {[%emt 00:03:08]}
20. Qxh6 {[%clk 00:24:54]} {[%emt 00:02:16]} Qa4 {[%clk 01:01:55]} {[%emt
00:01:43]} 21. Qxh7 {[%clk 00:24:09]} {[%emt 00:01:17]} Qxa2 {[%clk 01:00:14]}
{[%emt 00:02:14]} 22. Qh5 {[%clk 00:23:37]} {[%emt 00:01:01]} Bxe4 {[%clk
01:00:08]} {[%emt 00:00:37]} 23. Rc1 {[%clk 00:22:54]} {[%emt 00:01:12]} Bb7
{[%clk 01:00:06]} {[%emt 00:00:28]} 24. Qd1 {[%clk 00:23:07]} {[%emt 00:00:21]}
Nb3 {[%clk 00:58:49]} {[%emt 00:01:42]} 25. Nxb3 {[%clk 00:21:54]} {[%emt
00:01:50]} Qxb3 {[%clk 00:58:57]} {[%emt 00:00:21]} 26. Qd2 {[%clk 00:21:48]}
{[%emt 00:00:37]} Qb5 {[%clk 00:58:32]} {[%emt 00:00:51]} 27. Ra1 {[%clk
00:20:03]} {[%emt 00:02:18]} a6 {[%clk 00:57:58]} {[%emt 00:01:00]} 28. Qd1
{[%clk 00:19:37]} {[%emt 00:01:00]} Qc6 {[%clk 00:57:51]} {[%emt 00:00:32]} 29.
f3 {[%clk 00:20:03]} {[%emt 00:00:09]} Rg8 {[%clk 00:57:39]} {[%emt 00:00:41]}
30. Qc2 {[%clk 00:20:10]} {[%emt 00:00:23]} Rh8 {[%clk 00:57:23]} {[%emt
00:00:46]} 31. Rb1 {[%clk 00:20:01]} {[%emt 00:00:40]} b5 {[%clk 00:55:24]}
{[%emt 00:02:24]} 32. Qe2 {[%clk 00:15:36]} {[%emt 00:04:59]} Bh4+ {[%clk
00:55:04]} {[%emt 00:00:50]} 33. Kf1 {[%clk 00:15:41]} {[%emt 00:00:26]} Bg3
{[%clk 00:54:53]} {[%emt 00:00:39]} 34. Kg1 {[%clk 00:15:32]} {[%emt 00:00:40]}
Bf4 {[%clk 00:54:53]} {[%emt 00:00:23]} 35. Kf2 {[%clk 00:15:09]} {[%emt
00:01:00]} Rxh2 {[%clk 00:54:32]} {[%emt 00:00:52]} 36. Rhe1 {[%clk 00:15:00]}
{[%emt 00:00:39]} Rg8 {[%clk 00:54:45]} {[%emt 00:00:14]} 37. Rg1 {[%clk
00:13:15]} {[%emt 00:02:18]} Qd7 {[%clk 00:53:11]} {[%emt 00:01:56]} 38. Kf1
{[%clk 00:11:25]} {[%emt 00:02:28]} Qe7 {[%clk 00:53:04]} {[%emt 00:00:35]} 39.
Rb2 {[%clk 00:10:55]} {[%emt 00:01:04]} Qh4 {[%clk 00:52:45]} {[%emt 00:00:45]}
40. Qd1 {[%clk 00:09:30]} {[%emt 00:01:59]} Be3 {[%clk 00:52:31]} {[%emt
00:00:41]} 41. Re2 {[%clk 00:09:28]} {[%emt 00:00:33]} Bxg1 {[%clk 00:52:29]}
{[%emt 00:00:33]} 42. Qd2 {[%clk 00:09:51]} {[%emt 00:00:08]} Rh1 {[%clk
00:52:29]} {[%emt 00:00:28]} 43. Qc2 {[%clk 00:10:04]} {[%emt 00:00:19]} Bf2#
{[%clk 00:52:43]} {[%emt 00:00:14]} 0-1

[Event "DEM U10w 2024"]
[Site "Willingen GER"]
[Date "2024.05.22"]
[Round "6"]
[White "Müller, Greta Waltraud"]
[Black "Wolf, Aurelia"]
[Result "1-0"]
[Termination "normal"]
[Board "7"]
[WhiteElo "1224"]
[BlackElo "1498"]
[WhiteClock "01:06:33"]
[BlackClock "01:06:32"]
[PlyCount "43"]
[BlackFideId "34671048"]
[EventCountry "GER"]
[EventRounds "11"]
[EventType "swiss"]
[EventDate "2024.05.18"]

1. e4 {[%clk 01:15:59]} {[%emt 19:54:40]} e5 {[%clk 01:15:54]} {[%emt
00:00:07]} 2. Nf3 {[%clk 01:16:19]} {[%emt 00:00:10]} Nc6 {[%clk 01:16:18]}
{[%emt 00:00:06]} 3. Nc3 {[%clk 01:16:41]} {[%emt 00:00:08]} Nf6 {[%clk
01:16:40]} {[%emt 00:00:08]} 4. Bb5 {[%clk 01:17:05]} {[%emt 00:00:07]} a6
{[%clk 01:16:26]} {[%emt 00:00:44]} 5. Bxc6 {[%clk 01:16:42]} {[%emt 00:00:53]}
bxc6 {[%clk 01:16:19]} {[%emt 00:00:37]} 6. d4 {[%clk 01:16:24]} {[%emt
00:00:48]} d6 {[%clk 01:14:45]} {[%emt 00:02:03]} 7. dxe5 {[%clk 01:16:34]}
{[%emt 00:00:21]} dxe5 {[%clk 01:15:01]} {[%emt 00:00:14]} 8. Qxd8+ {[%clk
01:16:52]} {[%emt 00:00:12]} Kxd8 {[%clk 01:15:24]} {[%emt 00:00:08]} 9. Nxe5
{[%clk 01:17:09]} {[%emt 00:00:13]} Ke8 {[%clk 01:14:55]} {[%emt 00:00:58]} 10.
Nxc6 {[%clk 01:17:11]} {[%emt 00:00:28]} Bb7 {[%clk 01:14:37]} {[%emt
00:00:48]} 11. Nd4 {[%clk 01:15:16]} {[%emt 00:02:23]} Nxe4 {[%clk 01:12:16]}
{[%emt 00:02:53]} 12. O-O {[%clk 01:12:24]} {[%emt 00:03:21]} Nxc3 {[%clk
01:11:55]} {[%emt 00:00:52]} 13. bxc3 {[%clk 01:12:31]} {[%emt 00:00:22]} Rd8
{[%clk 01:09:52]} {[%emt 00:02:32]} 14. Re1+ {[%clk 01:12:18]} {[%emt
00:00:41]} Kd7 {[%clk 01:09:55]} {[%emt 00:00:29]} 15. Bf4 {[%clk 01:11:35]}
{[%emt 00:01:13]} Kc8 {[%clk 01:09:38]} {[%emt 00:00:48]} 16. Rad1 {[%clk
01:10:40]} {[%emt 00:01:25]} g6 {[%clk 01:08:49]} {[%emt 00:01:19]} 17. Bg5
{[%clk 01:07:24]} {[%emt 00:03:40]} Rxd4 {[%clk 01:05:41]} {[%emt 00:03:44]}
18. Rxd4 {[%clk 01:06:45]} {[%emt 00:01:09]} Bc6 {[%clk 01:05:47]} {[%emt
00:00:22]} 19. Rd8+ {[%clk 01:06:23]} {[%emt 00:00:53]} Kb7 {[%clk 01:05:53]}
{[%emt 00:00:25]} 20. Rb1+ {[%clk 01:06:16]} {[%emt 00:00:35]} Ka7 {[%clk
01:06:15]} {[%emt 00:00:10]} 21. Be3+ {[%clk 01:06:11]} {[%emt 00:00:34]} Bc5
{[%clk 01:06:32]} {[%emt 00:00:13]} 22. Bxc5# {[%clk 01:06:33]} {[%emt
00:00:08]} 1-0

[Event "DEM U10w 2024"]
[Site "Willingen GER"]
[Date "2024.05.22"]
[Round "6"]
[White "Goyush, Shams"]
[Black "Hleizer, Ahata"]
[Result "0-1"]
[Termination "normal"]
[Board "8"]
[WhiteElo "996"]
[BlackElo "1610"]
[WhiteClock "00:00:58"]
[BlackClock "00:38:55"]
[PlyCount "62"]
[BlackFideId "34643370"]
[EventCountry "GER"]
[EventRounds "11"]
[EventType "swiss"]
[EventDate "2024.05.18"]

1. e4 {[%clk 01:15:57]} {[%emt 00:00:02]} e5 {[%clk 01:15:53]} {[%emt
00:00:07]} 2. Nf3 {[%clk 01:16:20]} {[%emt 00:00:07]} Nc6 {[%clk 01:16:12]}
{[%emt 00:00:10]} 3. Nc3 {[%clk 01:16:36]} {[%emt 00:00:15]} Nf6 {[%clk
01:16:17]} {[%emt 00:00:24]} 4. Be2 {[%clk 01:16:47]} {[%emt 00:00:20]} Bb4
{[%clk 01:15:43]} {[%emt 00:01:04]} 5. Bc4 {[%clk 01:16:33]} {[%emt 00:00:43]}
O-O {[%clk 01:15:18]} {[%emt 00:00:57]} 6. d3 {[%clk 01:16:34]} {[%emt
00:00:27]} d5 {[%clk 01:12:09]} {[%emt 00:03:41]} 7. exd5 {[%clk 01:11:23]}
Nxd5 {[%clk 01:11:53]} {[%emt 00:06:27]} 8. Bxd5 {[%clk 01:11:22]} Qxd5 {[%clk
01:11:55]} {[%emt 00:00:58]} 9. h3 {[%clk 01:09:55]} Qa5 {[%clk 01:07:57]}
{[%emt 00:06:25]} 10. Bd2 {[%clk 01:07:41]} Re8 {[%clk 01:04:48]} {[%emt
00:06:23]} 11. a3 {[%clk 01:03:41]} {[%emt 00:04:31]} Bxc3 {[%clk 01:04:34]}
{[%emt 00:00:44]} 12. Bxc3 {[%clk 01:03:00]} {[%emt 00:01:11]} Qd5 {[%clk
01:01:36]} {[%emt 00:03:27]} 13. O-O {[%clk 00:54:11]} {[%emt 00:09:20]} Nd4
{[%clk 00:55:03]} {[%emt 00:07:04]} 14. Nxd4 {[%clk 00:50:04]} {[%emt
00:04:37]} exd4 {[%clk 00:55:20]} {[%emt 00:00:13]} 15. Re1 {[%clk 00:50:07]}
{[%emt 00:00:24]} Bd7 {[%clk 00:50:19]} {[%emt 00:05:34]} 16. Bb4 {[%clk
00:47:49]} {[%emt 00:02:46]} Bc6 {[%clk 00:47:42]} {[%emt 00:03:09]} 17. Rxe8+
{[%emt 00:15:22]} Rxe8 {[%clk 00:47:16]} {[%emt 00:00:54]} 18. Qg4 {[%clk
00:27:55]} {[%emt 00:05:30]} h5 {[%clk 00:42:48]} {[%emt 00:05:02]} 19. Qg3
{[%clk 00:24:00]} {[%emt 00:04:26]} Re6 {[%clk 00:40:36]} {[%emt 00:02:42]} 20.
Kf1 {[%clk 00:15:08]} {[%emt 00:09:17]} Rg6 {[%clk 00:39:21]} {[%emt 00:01:49]}
21. Qf3 {[%clk 00:13:29]} {[%emt 00:02:06]} Qg5 {[%clk 00:38:49]} {[%emt
00:01:06]} 22. Qg3 {[%clk 00:05:51]} {[%emt 00:08:06]} Bxg2+ {[%clk 00:37:57]}
{[%emt 00:01:24]} 23. Kxg2 {[%clk 00:05:01]} {[%emt 00:01:19]} Qd5+ {[%clk
00:38:14]} {[%emt 00:00:14]} 24. f3 {[%clk 00:00:43]} {[%emt 00:04:47]} Rxg3+
{[%clk 00:37:49]} {[%emt 00:00:55]} 25. Kxg3 {[%clk 00:00:58]} {[%emt
00:00:15]} Qg5+ {[%clk 00:37:58]} {[%emt 00:00:22]} 26. Kh2 {[%clk 00:00:50]}
{[%emt 00:00:36]} c5 {[%clk 00:37:39]} {[%emt 00:00:50]} 27. Rg1 {[%clk
00:00:57]} {[%emt 00:00:23]} Qe5+ {[%clk 00:37:49]} {[%emt 00:00:19]} 28. Kh1
{[%clk 00:00:33]} {[%emt 00:00:55]} cxb4 {[%clk 00:38:04]} {[%emt 00:00:15]}
29. axb4 {[%clk 00:00:50]} {[%emt 00:00:12]} Qb5 {[%clk 00:38:14]} {[%emt
00:00:19]} 30. c4 {[%clk 00:00:39]} {[%emt 00:00:42]} dxc3 {[%clk 00:38:33]}
{[%emt 00:00:11]} 31. bxc3 {[%clk 00:00:58]} {[%emt 00:00:12]} Qxd3 {[%clk
00:38:55]} {[%emt 00:00:08]} 0-1

[Event "DEM U10w 2024"]
[Site "Willingen GER"]
[Date "2024.05.22"]
[Round "6"]
[White "Preißler, Enie"]
[Black "Hendler, Felicitas"]
[Result "0-1"]
[Termination "normal"]
[Board "9"]
[WhiteElo "1019"]
[BlackElo "1645"]
[WhiteClock "00:09:56"]
[BlackClock "00:16:33"]
[PlyCount "144"]
[BlackFideId "34616519"]
[EventCountry "GER"]
[EventRounds "11"]
[EventType "swiss"]
[EventDate "2024.05.18"]

1. d4 {[%clk 01:15:59]} d5 {[%clk 01:15:36]} {[%emt 00:00:24]} 2. Bf4 {[%clk
01:16:02]} {[%emt 00:00:27]} Nf6 {[%clk 01:15:17]} {[%emt 00:00:49]} 3. e3
{[%clk 01:15:51]} {[%emt 00:00:42]} c5 {[%clk 01:14:47]} {[%emt 00:00:59]} 4.
c3 {[%clk 01:15:26]} {[%emt 00:00:56]} Nc6 {[%clk 01:13:50]} {[%emt 00:01:25]}
5. Nf3 {[%clk 01:13:51]} {[%emt 00:02:05]} Qb6 {[%clk 01:10:00]} {[%emt
00:04:21]} 6. Qb3 {[%clk 01:12:59]} {[%emt 00:01:22]} c4 {[%clk 01:07:33]}
{[%emt 00:02:56]} 7. Qc2 {[%clk 01:10:56]} {[%emt 00:02:34]} Bf5 {[%clk
01:04:55]} {[%emt 00:03:08]} 8. Qc1 {[%clk 01:09:11]} {[%emt 00:02:16]} e6
{[%clk 01:01:39]} {[%emt 00:03:46]} 9. Nbd2 {[%clk 01:03:37]} {[%emt 00:06:04]}
Be7 {[%clk 01:01:02]} {[%emt 00:01:06]} 10. Be2 {[%clk 01:00:38]} {[%emt
00:03:29]} O-O {[%clk 00:58:25]} {[%emt 00:03:06]} 11. O-O {[%clk 00:57:05]}
{[%emt 00:04:02]} Rfc8 {[%clk 00:52:38]} {[%emt 00:06:18]} 12. Ne5 {[%clk
00:53:00]} {[%emt 00:04:36]} Qd8 {[%clk 00:45:00]} {[%emt 00:08:07]} 13. Ndf3
{[%clk 00:47:33]} {[%emt 00:05:57]} b5 {[%clk 00:41:17]} {[%emt 00:04:13]} 14.
Bd1 {[%clk 00:38:51]} {[%emt 00:09:12]} a5 {[%clk 00:36:19]} {[%emt 00:05:28]}
15. a4 {[%clk 00:35:22]} {[%emt 00:03:59]} b4 {[%clk 00:32:40]} {[%emt
00:04:09]} 16. Bc2 {[%clk 00:33:42]} {[%emt 00:02:11]} bxc3 {[%clk 00:30:22]}
{[%emt 00:02:48]} 17. bxc3 {[%clk 00:33:57]} {[%emt 00:00:14]} Bxc2 {[%clk
00:27:19]} {[%emt 00:03:33]} 18. Qxc2 {[%clk 00:33:33]} {[%emt 00:00:54]} Nh5
{[%clk 00:25:32]} {[%emt 00:02:16]} 19. Bg3 {[%clk 00:32:55]} {[%emt 00:01:04]}
Nxg3 {[%clk 00:25:36]} {[%emt 00:00:30]} 20. hxg3 {[%clk 00:33:13]} {[%emt
00:00:12]} Nxe5 {[%clk 00:24:24]} {[%emt 00:01:42]} 21. Nxe5 {[%clk 00:33:12]}
{[%emt 00:00:31]} Bd6 {[%clk 00:23:36]} {[%emt 00:01:19]} 22. Nf3 {[%clk
00:32:35]} {[%emt 00:01:07]} Qf6 {[%clk 00:22:38]} {[%emt 00:01:27]} 23. Rfb1
{[%clk 00:31:00]} {[%emt 00:02:05]} Rcb8 {[%clk 00:21:39]} {[%emt 00:01:29]}
24. Rb2 {[%clk 00:30:46]} {[%emt 00:00:44]} Qd8 {[%clk 00:20:52]} {[%emt
00:01:17]} 25. Rab1 {[%clk 00:28:52]} {[%emt 00:02:24]} Rxb2 {[%clk 00:20:48]}
{[%emt 00:00:34]} 26. Rxb2 {[%clk 00:29:09]} {[%emt 00:00:13]} Rb8 {[%clk
00:20:26]} {[%emt 00:00:51]} 27. Qb1 {[%clk 00:26:42]} {[%emt 00:02:57]} Rxb2
{[%clk 00:19:56]} {[%emt 00:01:00]} 28. Qxb2 {[%clk 00:26:53]} {[%emt
00:00:19]} Qb8 {[%clk 00:19:57]} {[%emt 00:00:29]} 29. Qc2 {[%clk 00:26:37]}
{[%emt 00:00:47]} Qb3 {[%clk 00:19:23]} {[%emt 00:01:04]} 30. Qxb3 {[%clk
00:26:19]} {[%emt 00:00:48]} cxb3 {[%clk 00:19:40]} {[%emt 00:00:13]} 31. Nd2
{[%clk 00:26:44]} {[%emt 00:00:05]} b2 {[%clk 00:19:45]} {[%emt 00:00:25]} 32.
Kf1 {[%clk 00:27:07]} {[%emt 00:00:08]} Kf8 {[%clk 00:19:13]} {[%emt 00:01:02]}
33. Ke1 {[%clk 00:27:31]} {[%emt 00:00:06]} Ke7 {[%clk 00:19:16]} {[%emt
00:00:27]} 34. Kd1 {[%clk 00:27:56]} {[%emt 00:00:06]} Kd7 {[%clk 00:19:28]}
{[%emt 00:00:17]} 35. Kc2 {[%clk 00:28:20]} {[%emt 00:00:06]} Kc6 {[%clk
00:19:00]} {[%emt 00:00:58]} 36. Kxb2 {[%clk 00:28:42]} {[%emt 00:00:07]} Be7
{[%clk 00:18:49]} {[%emt 00:00:41]} 37. c4 {[%clk 00:28:53]} {[%emt 00:00:19]}
Bb4 {[%clk 00:17:31]} {[%emt 00:01:48]} 38. cxd5+ {[%clk 00:28:14]} {[%emt
00:01:09]} Kxd5 {[%clk 00:17:37]} {[%emt 00:00:24]} 39. Nf3 {[%clk 00:28:28]}
{[%emt 00:00:16]} h6 {[%clk 00:16:15]} {[%emt 00:01:51]} 40. Kc2 {[%clk
00:28:46]} {[%emt 00:00:13]} f6 {[%clk 00:16:04]} {[%emt 00:00:41]} 41. Nd2
{[%clk 00:28:41]} {[%emt 00:00:35]} Bxd2 {[%clk 00:15:57]} {[%emt 00:00:37]}
42. Kxd2 {[%clk 00:29:02]} {[%emt 00:00:10]} Kc4 {[%clk 00:16:10]} {[%emt
00:00:16]} 43. Kc2 {[%clk 00:29:27]} {[%emt 00:00:04]} Kb4 {[%clk 00:16:21]}
{[%emt 00:00:20]} 44. e4 {[%clk 00:29:32]} {[%emt 00:00:25]} Kc4 {[%clk
00:16:29]} {[%emt 00:00:21]} 45. d5 {[%clk 00:29:19]} {[%emt 00:00:44]} exd5
{[%clk 00:16:46]} {[%emt 00:00:12]} 46. exd5 {[%clk 00:29:44]} {[%emt
00:00:06]} Kxd5 {[%clk 00:17:07]} {[%emt 00:00:10]} 47. Kb3 {[%clk 00:29:58]}
{[%emt 00:00:16]} Kc5 {[%clk 00:17:18]} {[%emt 00:00:17]} 48. f3 {[%clk
00:30:19]} {[%emt 00:00:11]} g6 {[%clk 00:17:04]} {[%emt 00:00:43]} 49. f4
{[%clk 00:30:38]} {[%emt 00:00:11]} g5 {[%clk 00:17:02]} {[%emt 00:00:32]} 50.
f5 {[%clk 00:31:01]} {[%emt 00:00:08]} h5 {[%clk 00:17:08]} {[%emt 00:00:23]}
51. Ka3 {[%clk 00:30:47]} {[%emt 00:00:45]} Kc4 {[%clk 00:16:22]} {[%emt
00:01:15]} 52. g4 {[%clk 00:30:25]} {[%emt 00:00:53]} h4 {[%clk 00:15:51]}
{[%emt 00:01:01]} 53. Ka2 {[%clk 00:30:42]} {[%emt 00:00:13]} Kb4 {[%clk
00:16:11]} {[%emt 00:00:09]} 54. Kb2 {[%clk 00:30:52]} {[%emt 00:00:20]} Kxa4
{[%clk 00:15:58]} {[%emt 00:00:43]} 55. Kb1 {[%clk 00:29:27]} {[%emt 00:01:55]}
Kb3 {[%clk 00:15:44]} {[%emt 00:00:44]} 56. Ka1 {[%clk 00:29:44]} {[%emt
00:00:13]} a4 {[%clk 00:15:56]} {[%emt 00:00:17]} 57. Kb1 {[%clk 00:30:09]}
{[%emt 00:00:06]} a3 {[%clk 00:16:13]} {[%emt 00:00:13]} 58. Ka1 {[%clk
00:30:30]} {[%emt 00:00:10]} Kc2 {[%clk 00:15:52]} {[%emt 00:00:50]} 59. Ka2
{[%clk 00:30:56]} {[%emt 00:00:05]} Kd2 {[%clk 00:16:14]} {[%emt 00:00:08]} 60.
Kxa3 {[%clk 00:31:21]} {[%emt 00:00:06]} Ke2 {[%clk 00:16:26]} {[%emt
00:00:15]} 61. Kb3 {[%clk 00:31:46]} {[%emt 00:00:06]} Kf2 {[%clk 00:16:28]}
{[%emt 00:01:03]} 62. Kc2 {[%clk 00:32:14]} {[%emt 00:00:04]} Kxg2 {[%clk
00:16:46]} {[%emt 00:00:11]} 63. Kd3 {[%clk 00:28:40]} {[%emt 00:04:04]} h3
{[%clk 00:16:40]} {[%emt 00:00:36]} 64. Kd4 {[%clk 00:26:40]} {[%emt 00:02:31]}
h2 {[%clk 00:16:52]} {[%emt 00:00:17]} 65. Kd5 {[%clk 00:19:54]} {[%emt
00:07:16]} h1=Q {[%clk 00:16:49]} {[%emt 00:00:32]} 66. Ke6 {[%clk 00:17:15]}
{[%emt 00:03:10]} Qa1 {[%clk 00:16:55]} {[%emt 00:00:23]} 67. Kf7 {[%clk
00:16:12]} {[%emt 00:01:34]} Kg3 {[%clk 00:16:45]} {[%emt 00:00:40]} 68. Kg7
{[%clk 00:15:03]} {[%emt 00:01:36]} Kxg4 {[%clk 00:16:48]} {[%emt 00:00:26]}
69. Kg6 {[%clk 00:13:35]} {[%emt 00:02:02]} Qe5 {[%clk 00:16:54]} {[%emt
00:00:23]} 70. Kh6 {[%clk 00:12:46]} {[%emt 00:01:19]} Qxf5 {[%clk 00:16:39]}
{[%emt 00:00:46]} 71. Kg7 {[%clk 00:11:13]} {[%emt 00:02:04]} Qd7+ {[%clk
00:16:47]} {[%emt 00:00:21]} 72. Kh8 {[%clk 00:09:56]} {[%emt 00:01:48]} Kh5
{[%clk 00:16:33]} {[%emt 00:00:43]} 0-1